| 000 | 00657nam a2200181Ia 4500 | ||
|---|---|---|---|
| 008 | 151018s9999 xx 000 0 und d | ||
| 082 |
_bRBASDV43290 _a891.433 |
||
| 100 | _aकर्तार सिंह दुग्गल | ||
| 245 | _aमिट्टी मुसलमान की | ||
| 250 | _b1 | ||
| 260 |
_bइंद्रप्रस्थ _c2006 |
||
| 300 | _a135 | ||
| 600 | _aकर्तार सिंह दुग्गल | ||
| 630 | _aमिट्टी मुसलमान की | ||
| 700 | _aकर्तार सिंह दुग्गल | ||
| 730 | _aमिट्टी मुसलमान की | ||
| 942 | _cBOOK | ||
| 999 |
_c1042504 _d1042501 |
||